Mémoire rédigé en réponse à la première demande de la Troisième Section d'après le programme du Congrès Pénitentiaire International à Stockolm / (Registro nro. 162530)
[ vista simple ]
| 000 -LEADER | |
|---|---|
| campo de control de longitud fija | 01167nam a2200229 i 4500 |
| 001 - NÚMERO DE CONTROL | |
| campo de control | 162530 |
| 003 - IDENTIFICADOR DE NÚMERO DE CONTROL | |
| campo de control | ES-MaACL |
| 005 - FECHA Y HORA DE LA ÚLTIMA TRANSACCIÓN | |
| campo de control | 20240711063057.0 |
| 008 - DATOS DE LONGITUD FIJA--INFORMACIÓN GENERAL | |
| campo de control de longitud fija | 041118s1878 it |||| | ita d |
| 100 1# - ENTRADA PRINCIPAL--NOMBRE DE PERSONA | |
| Nombre de persona | Pratesi, Cesare. |
| 9 (RLIN) | 131344 |
| 245 10 - MENCIÓN DEL TÍTULO | |
| Título | Mémoire rédigé en réponse à la première demande de la Troisième Section d'après le programme du Congrès Pénitentiaire International à Stockolm / |
| Mención de responsabilidad, etc. | par César Pratesi. |
| 260 ## - PUBLICACIÓN, DISTRIBUCIÓN, ETC. | |
| Lugar de publicación, distribución, etc. | Florence : |
| Nombre del editor, distribuidor, etc. | [s.n.], |
| Fecha de publicación, distribución, etc. | 1878 ( |
| Fabricante | Imp. de la Maison de Patronage) |
| 300 ## - DESCRIPCIÓN FÍSICA | |
| Extensión | 23 p. ; |
| Dimensiones | 21 cm. |
| 440 ## - MENCIÓN DE SERIE/PUNTO DE ACCESO ADICIONAL--TÍTULO | |
| 9 (RLIN) | 237356 |
| Título | Rivista di Discipline Carcerarie |
| 500 ## - NOTA GENERAL | |
| Nota general | Publié pour la première fois en italien dans la Rivista di Discipline Carcerarie, Rome, Imprimerie Artero, 1876. |
| 594 ## - Nota al título y mención de responsabilidad | |
| Nota al título y mención de responsabilidad | Precede al tít.: Patronage pour les libérés des prisons. |
| 650 04 - PUNTO DE ACCESO ADICIONAL DE MATERIA--TÉRMINO DE MATERIA | |
| Término de materia o nombre geográfico como elemento de entrada | Delincuentes- |
| Subdivisión general | Rehabilitación. |
| 9 (RLIN) | 135873 |
| 711 2# - ENTRADA AGREGADA--NOMBRE DE REUNIÓN | |
| Nombre de congreso/reunión o jurisdicción como elemento de entrada | Congreso Penitenciario Internacional ( |
| Fecha del congreso o de la firma del tratado | 1878. |
| Sede del congreso/Lugar de la reunión | Estocolmo) |
| 9 (RLIN) | 165779 |
| 852 ## - LOCALIZACIÓN | |
| Ubicación | ES-MaACL |
| Número de control de estantería | D-221(12) |
| Nota libre | - Enc. pasta española |
| -- | . - Donativo Lastres |
| -- | - Enc. en un vol. facticio, formando parte de la colección : "Estudios penitenciarios" |
| 942 ## - ELEMENTOS DE ENTRADA SECUNDARIOS (KOHA) | |
| Fuente del sistema de clasificación o colocación | Clasificación decimal universal |
| Estatus retirado | Estado de pérdida | Estado de daño | No para préstamo | Colección | Biblioteca de origen | Biblioteca actual | Ubicación en estantería | Fecha de adquisición | Total de préstamos | Signatura topográfica completa | Código de barras | Visto por última vez | Precio de reemplazo | Tipo de ítem Koha |
|---|---|---|---|---|---|---|---|---|---|---|---|---|---|---|
| Libros del s. XIX | Biblioteca del Ateneo de Madrid | Biblioteca del Ateneo de Madrid | Sala Valle Inclán | 17/01/2008 | D-221(12) | 901170271 | 23/02/2023 | 23/02/2023 | Libro impreso antiguo |
